Europäische Länder nach Flagge und ersten Buchstaben - Sprint - Statistiken

Allgemein
  • Dieses Quiz wurde 94 mal gespielt
  • Das Durchschnittsergebnis liegt bei 25 aus 45
Antwortstatistiken
Bildquiz Antwort % Korrekt
Deutschland
68%
Spanien
68%
Vereinigtes Königreich
63%
Frankreich
61%
Liechtenstein
61%
Norwegen
61%
Schweiz
61%
Tschechien
61%
Albanien
59%
Bosnien und Herzegowina
59%
Ungarn
59%
Italien
57%
Nordmazedonien
57%
Belgien
55%
Finnland
55%
Kosovo
55%
Kroatien
55%
Niederlande
55%
Österreich
55%
Polen
55%
Russland
55%
Schweden
55%
Slowakei
55%
Ukraine
55%
Belarus
54%
Bulgarien
54%
Irland
54%
Island
54%
Lettland
54%
Serbien
54%
Dänemark
52%
Griechenland
52%
Montenegro
52%
Portugal
52%
San Marino
52%
Slowenien
52%
Litauen
50%
Rumänien
50%
Vatikanstadt
50%
Malta
48%
Andorra
46%
Estland
46%
Moldawien
46%
Monaco
46%
Luxemburg
45%
Keine übereinstimmenden Quizze gefunden
Verteilung der Resultate
Anzahl Personen mit jedem Resultat
Perzentil nach korrekt beantworteten Fragen
Ihre Resultats-Entwicklung
Sie haben dieses Quiz noch nicht gespielt